000
00269nam a2200097Ia 4500
001
643309
005
20250826153543.0
008
250824s9999 xx 000 0 und d
245
0
_a
ALPARSLANIN AKINCISI ALPEREN 6 SAKLI HAZİNE
_c
İSMAİL BİLGİN
260
_b
GENÇ TİMAŞ
999
_c
643309
_d
643309